Finite Mathematics (Record no. 551)

MARC details
000 -LEADER
fixed length control field 00570nam a22002177a 4500
001 - CONTROL NUMBER
control field nam a22 7a 4500
003 - CONTROL NUMBER IDENTIFIER
control field OSt
005 - DATE AND TIME OF LATEST TRANSACTION
control field 20210826151101.0
007 - PHYSICAL DESCRIPTION FIXED FIELD--GENERAL INFORMATION
fixed length control field nam a22 7a 4500
008 - FIXED-LENGTH DATA ELEMENTS--GENERAL INFORMATION
fixed length control field 210826b |||||||| |||| 00| 0 eng d
010 ## - LIBRARY OF CONGRESS CONTROL NUMBER
LC control number nam a22 7a 4500
020 ## - INTERNATIONAL STANDARD BOOK NUMBER
International Standard Book Number 0023063610
040 ## - CATALOGING SOURCE
Transcribing agency HU
082 ## - DEWEY DECIMAL CLASSIFICATION NUMBER
Edition number 6th
Classification number 510/BAR/1993
100 ## - MAIN ENTRY--PERSONAL NAME
Personal name Barnett Raymond A.
9 (RLIN) 421
245 ## - TITLE STATEMENT
Title Finite Mathematics
250 ## - EDITION STATEMENT
Edition statement 6th
260 ## - PUBLICATION, DISTRIBUTION, ETC.
Place of publication, distribution, etc. New York
Name of publisher, distributor, etc. Dell en an Imprint of Macmillan Publishing Company
Date of publication, distribution, etc. 1993
300 ## - PHYSICAL DESCRIPTION
Extent 635p
942 ## - ADDED ENTRY ELEMENTS (KOHA)
Source of classification or shelving scheme Dewey Decimal Classification
Koha item type Books like text book referance book
Suppress in OPAC No
Holdings
Withdrawn status Lost status Source of classification or shelving scheme Damaged status Not for loan Home library Current library Shelving location Date acquired Total Checkouts Full call number Barcode Date last seen Copy number Price effective from Koha item type Collection code
    Dewey Decimal Classification     Natural & Computational Science Library Natural & Computational Science Library General Stacks 08/26/2021   510/BAR/1993 NSCLIB00000514 08/26/2021 1 08/26/2021 Books like text book referance book  
    Dewey Decimal Classification     Wondo Genet Library Wondo Genet Library General Stacks 01/05/2022   510 BAR 1993 WGCFNRL00010422 01/05/2022 1 01/05/2022 Books like text book referance book Reference